[Event "Berlin Lichtenberger op 17th"]
[Site "Berlin"]
[Date "2018.08.25"]
[Round "8"]
[White "Bauder, Herbert"]
[Black "Gross, Thorsten"]
[Result "1/2-1/2"]
[WhiteElo "1886"]
[BlackElo "2170"]
[PlyCount "88"]
[EventDate "2018.08.18"]
[EventType "swiss"]
[EventRounds "9"]
[EventCountry "GER"]
[SourceTitle "CBM 186 Extra"]
[Source "ChessBase"]
[SourceDate "2018.08.24"]
[SourceVersion "1"]
[SourceVersionDate "2018.08.24"]
[SourceQuality "1"]

1. d4 Nf6 2. Nf3 e6 3. c4 b6 4. a3 Bb7 5. Nc3 c5 6. d5 d6 7. e4 e5 8. Be2 Be7 9. 0-0 0-0 10. Ne1 Nbd7 11. Nd3 Ne8 12. g3 a6 13. a4 Bf6 14. Be3 g6 15. Qd2 Qe7 16. f3 Bg7 17. g4 Nc7 18. Nf2 Bc8 19. Bd3 Rb8 20. Kh1 Rb7 21. Rg1 Nb8 22. Rg2 Bd7 23. Qe2 Ne8 24. Rag1 Qd8 25. Qd2 b5 26. cxb5 axb5 27. Bxb5 Nc7 28. Bxd7 Qxd7 29. Ra1 Nba6 30. Nfd1 Rfb8 31. Rg3 Nb4 32. h4 Qe7 33. Rh3 f5 34. gxf5 gxf5 35. Bh6 Kh8 36. Bxg7+ Qxg7 37. Ne3 Qh6 38. Qe2 f4 39. Nf5 Qf6 40. Rd1 Rg8 41. Rh2 Rbb8 42. Rg2 Rxg2 43. Qxg2 Rg8 44. Qe2 Rb8 1/2-1/2

[Event "Berlin Lichtenberger op 17th"]
[Site "Berlin"]
[Date "2018.08.18"]
[Round "1"]
[White "Schubert, Vincent"]
[Black "Bauder, Herbert"]
[Result "0-1"]
[WhiteElo "1296"]
[BlackElo "1886"]
[PlyCount "54"]
[EventDate "2018.08.18"]
[EventType "swiss"]
[EventRounds "9"]
[EventCountry "GER"]
[SourceTitle "CBM 186 Extra"]
[Source "ChessBase"]
[SourceDate "2018.08.24"]
[SourceVersion "1"]
[SourceVersionDate "2018.08.24"]
[SourceQuality "1"]

1. d4 Nf6 2. c4 g6 3. Nc3 Bg7 4. e4 d6 5. f4 0-0 6. Nf3 c5 7. Be3 Qa5 8. e5 Ng4 9. Qe2 Nxe3 10. Qxe3 cxd4 11. Qxd4 Nc6 12. Qe3 dxe5 13. Nxe5 Nxe5 14. fxe5 Qxe5 15. Qxe5 Bxe5 16. Rc1 Be6 17. Be2 Rac8 18. b3 Rfd8 19. 0-0 Rd2 20. Bf3 b6 21. a4 Bd4+ 22. Kh1 Bxc3 23. Rxc3 Rcd8 24. Rcc1 R8d3 25. Rfd1 Rxd1+ 26. Bxd1 Bf5 27. Bc2 Rc3 0-1

[Event "Rheinland Pfalz op Seniors 16th"]
[Site "Neustadt an der Weinstrasse"]
[Date "2018.07.14"]
[Round "8"]
[White "Esterluss, Johannes"]
[Black "Bauder, Herbert"]
[Result "1/2-1/2"]
[WhiteElo "1998"]
[BlackElo "1879"]
[PlyCount "97"]
[EventDate "2018.07.07"]
[EventType "swiss"]
[EventRounds "9"]
[EventCountry "GER"]
[SourceTitle "EXT 2019"]
[Source "ChessBase"]
[SourceDate "2018.10.10"]
[SourceVersion "1"]
[SourceVersionDate "2018.10.10"]
[SourceQuality "1"]

1. d4 Nf6 2. Nf3 g6 3. e3 Bg7 4. Be2 d6 5. 0-0 0-0 6. c4 c6 7. Nc3 Nbd7 8. b4 a5 9. bxa5 Qxa5 10. Bd2 Qc7 11. Qb3 e5 12. Rfb1 Re8 13. h3 exd4 14. exd4 Ne4 15. Nxe4 Rxe4 16. Bd3 Re8 17. Re1 Rxe1+ 18. Rxe1 Nf6 19. Rb1 h6 20. a4 d5 21. a5 Ne4 22. Be1 dxc4 23. Qxc4 Be6 24. Qc2 Nd6 25. Ne5 Bf5 26. g4 Bxd3 27. Qxd3 Nb5 28. f4 Rd8 29. Bc3 Rd5 30. Rd1 Nxc3 31. Qxc3 Qxa5 32. Qe3 Qd8 33. Rd3 Qe8 34. Qd2 Qd8 35. Kg2 g5 36. Nf3 gxf4 37. Qxf4 c5 38. Rb3 b6 39. dxc5 Rxc5 40. h4 Rc2+ 41. Kg3 Rc6 42. Kh3 Qd6 43. Qe4 Qe6 44. Qd3 Rd6 45. Qb5 h5 46. Rb4 Rd5 47. Qc4 hxg4+ 48. Qxg4 Qxg4+ 49. Kxg4 1/2-1/2

[Event "Rheinland Pfalz op Seniors 16th"]
[Site "Neustadt an der Weinstrasse"]
[Date "2018.07.09"]
[Round "3"]
[White "Bauder, Herbert"]
[Black "Laubis, Roland"]
[Result "1-0"]
[WhiteElo "1879"]
[BlackElo "1765"]
[PlyCount "57"]
[EventDate "2018.07.07"]
[EventType "swiss"]
[EventRounds "9"]
[EventCountry "GER"]
[SourceTitle "EXT 2019"]
[Source "ChessBase"]
[SourceDate "2018.10.10"]
[SourceVersion "1"]
[SourceVersionDate "2018.10.10"]
[SourceQuality "1"]

1. d4 Nf6 2. Nf3 g6 3. c4 c5 4. d5 b5 5. cxb5 a6 6. Nc3 axb5 7. Nxb5 Ba6 8. Nc3 Bg7 9. g3 0-0 10. Bg2 d6 11. 0-0 Nbd7 12. Re1 Qc7 13. h3 Rfb8 14. Qc2 Nb6 15. e4 Nh5 16. g4 Nf6 17. Bf4 Nc4 18. b3 Na3 19. Qd2 Nd7 20. Rac1 Ra7 21. Bg5 Ne5 22. Nxe5 Bxe5 23. Be3 Rba8 24. f4 Bh8 25. e5 Bb7 26. Ne4 Nb5 27. a4 Na3 28. Nxc5 Qa5 29. Qxa5 1-0

[Event "Bodensee op Seniors 4th"]
[Site "Bregenz"]
[Date "2018.05.12"]
[Round "7"]
[White "Bauder, Herbert"]
[Black "Abegg, Beat"]
[Result "1/2-1/2"]
[WhiteElo "1889"]
[BlackElo "1920"]
[PlyCount "36"]
[EventDate "2018.05.06"]
[EventType "swiss"]
[EventRounds "7"]
[EventCountry "AUT"]
[SourceTitle "CBM 184 Extra"]
[Source "ChessBase"]
[SourceDate "2018.06.28"]
[SourceVersion "1"]
[SourceVersionDate "2018.06.28"]
[SourceQuality "1"]

1. d4 d6 2. Nf3 Nf6 3. c4 Nbd7 4. Nc3 e5 5. e3 Be7 6. Be2 0-0 7. 0-0 c6 8. b3 Re8 9. Qc2 Qc7 10. Bb2 Nf8 11. h3 Ng6 12. Rfe1 a6 13. a4 a5 14. Rac1 Bd7 15. Ba3 Rac8 16. Qb1 Qb8 17. Rcd1 Qc7 18. Rc1 Qb8 1/2-1/2

[Event "Berlin-ch Seniors op 34th"]
[Site "Berlin"]
[Date "2018.01.31"]
[Round "2"]
[White "Niehaus, Frank"]
[Black "Bauder, Herbert"]
[Result "1/2-1/2"]
[WhiteElo "2175"]
[BlackElo "1887"]
[PlyCount "96"]
[EventDate "2018.01.30"]
[EventType "swiss"]
[EventRounds "9"]
[EventCountry "GER"]
[SourceTitle "EXT 2020"]
[Source "ChessBase"]
[SourceDate "2019.10.17"]
[SourceVersion "1"]
[SourceVersionDate "2019.10.17"]
[SourceQuality "1"]

1. e4 c5 2. Nc3 Nc6 3. f4 g6 4. Nf3 Bg7 5. Bb5 Nd4 6. 0-0 Nxb5 7. Nxb5 a6 8. Nc3 d6 9. d3 e6 10. Qe1 Ne7 11. Qh4 Nc6 12. Qxd8+ Nxd8 13. Ne2 0-0 14. c3 Nc6 15. Be3 b6 16. Bf2 Bb7 17. Bh4 Rfe8 18. Ng3 h6 19. Ne2 Rac8 20. Nd2 d5 21. e5 b5 22. Nb3 Bf8 23. d4 c4 24. Nd2 a5 25. g4 Rb8 26. f5 g5 27. Bf2 b4 28. h4 exf5 29. gxf5 f6 30. hxg5 hxg5 31. e6 Bd6 32. Bg3 Bxg3 33. Nxg3 Kf8 34. Kf2 Ke7 35. Rh1 Rh8 36. Rxh8 Rxh8 37. Rh1 Rxh1 38. Nxh1 a4 39. Nb1 a3 40. Ng3 axb2 41. Ne2 bxc3 42. Nbxc3 Nb4 43. a3 Nc2 44. Nb1 Bc6 45. Kf3 Be8 46. Kf2 Bh5 47. Nec3 Kd6 48. Nb5+ Kc6 1/2-1/2

[Event "Bodensee op Seniors"]
[Site "Bregenz"]
[Date "2017.05.22"]
[Round "3"]
[White "Bauder, Herbert"]
[Black "Ulker, Ates"]
[Result "1/2-1/2"]
[WhiteElo "1954"]
[BlackElo "2113"]
[PlyCount "114"]
[EventDate "2017.05.20"]
[EventType "swiss"]
[EventRounds "9"]
[EventCountry "AUT"]
[SourceTitle "CBM 178 Extra"]
[Source "ChessBase"]
[SourceDate "2017.06.22"]
[SourceVersion "1"]
[SourceVersionDate "2017.06.22"]
[SourceQuality "1"]

1. d4 Nf6 2. Nf3 e6 3. c4 b6 4. a3 Bb7 5. Nc3 d5 6. Bg5 Be7 7. e3 0-0 8. Be2 Nbd7 9. 0-0 c5 10. Rc1 Ne4 11. Bxe7 Qxe7 12. cxd5 Nxc3 13. Rxc3 Bxd5 14. Qa4 a6 15. dxc5 Nxc5 16. Qf4 a5 17. b4 axb4 18. axb4 Ne4 19. Rcc1 Ra4 20. Rc7 Qxb4 21. Rfc1 Nc5 22. Qxb4 Rxb4 23. Nd4 Rb2 24. Kf1 g6 25. f3 Rd8 26. Rd1 Bb7 27. Ke1 Ba6 28. Bxa6 Nxa6 29. Rc2 Rxc2 30. Nxc2 Rc8 31. Kd2 Rd8+ 32. Ke2 Rxd1 33. Kxd1 Kf8 34. Kd2 Ke7 35. Kc3 Kd6 36. Kc4 Nc7 37. g4 e5 38. h4 h6 39. e4 b5+ 40. Kb4 Kc6 41. Ne3 Na6+ 42. Kc3 Kc5 43. h5 b4+ 44. Kb3 gxh5 45. gxh5 Kb5 46. Ng4 Nc5+ 47. Kc2 f6 48. Nxh6 b3+ 49. Kc3 Ka4 50. Ng4 Ka3 51. Ne3 Ka2 52. Nc4 Ne6 53. h6 Ng5 54. Nb2 Nh7 55. Nd3 Ka3 56. Nb2 Ng5 57. Nc4+ Ka2 1/2-1/2

[Event "Wch Seniors 65 26th"]
[Site "Marianske Lazne"]
[Date "2016.11.26"]
[Round "7"]
[White "Flockerzi, Armin"]
[Black "Bauder, Herbert"]
[Result "0-1"]
[WhiteElo "1860"]
[BlackElo "1963"]
[PlyCount "98"]
[EventDate "2016.11.19"]
[EventType "swiss"]
[EventRounds "11"]
[EventCountry "CZE"]
[SourceTitle "CBM 175 Extra"]
[Source "ChessBase"]
[SourceDate "2016.12.12"]
[SourceVersion "1"]
[SourceVersionDate "2016.12.12"]
[SourceQuality "1"]

1. d4 Nf6 2. c4 g6 3. Nf3 Bg7 4. g3 0-0 5. Bg2 c5 6. d5 d6 7. 0-0 Nbd7 8. Re1 a6 9. Nc3 Rb8 10. a4 b6 11. Qc2 Ne8 12. e4 Nc7 13. Rb1 b5 14. axb5 axb5 15. b3 bxc4 16. Bd2 cxb3 17. Rxb3 Rxb3 18. Qxb3 Ba6 19. Rb1 Bd3 20. Ra1 Qb8 21. Qa4 Nb6 22. Qb3 Nc4 23. Qd1 Nb2 24. Qc1 Nc4 25. Bf1 Nxd2 26. Qxd2 Bxf1 27. Kxf1 Qb3 28. Rc1 Ra8 29. Kg2 Ra3 30. Rb1 Qxc3 31. Rb8+ Bf8 32. Rxf8+ Kxf8 33. Qh6+ Qg7 34. Qc1 Ra1 35. Qf4 Kg8 36. Qg4 e6 37. Qg5 f6 38. Qg4 Qe7 39. dxe6 Qxe6 40. Qf4 Ra4 41. Nd2 Nb5 42. h4 Kg7 43. g4 Qe5 44. Qe3 Ra3 45. Qe2 Qb2 46. Qc4 Qxd2 47. Qe6 Ra7 48. Qe8 Qe2 49. Kg3 Ra3+ 0-1

[Event "Berlin Lichtenberger op 15th"]
[Site "Berlin"]
[Date "2016.08.13"]
[Round "1"]
[White "Fontaine, Constantin"]
[Black "Bauder, Herbert"]
[Result "1/2-1/2"]
[WhiteElo "1527"]
[BlackElo "1924"]
[PlyCount "30"]
[EventDate "2016.08.13"]
[EventType "swiss"]
[EventRounds "9"]
[EventCountry "GER"]
[SourceTitle "CBM 173 Extra"]
[Source "ChessBase"]
[SourceDate "2016.08.29"]
[SourceVersion "1"]
[SourceVersionDate "2016.08.29"]
[SourceQuality "1"]

1. d4 Nf6 2. Nc3 d5 3. Bg5 Nbd7 4. Nf3 g6 5. e3 Bg7 6. Bd3 0-0 7. 0-0 c6 8. Re1 h6 9. Bh4 Re8 10. e4 dxe4 11. Nxe4 Nxe4 12. Bxe4 Nf6 13. Bxf6 Bxf6 14. c3 Be6 15. Bxg6 Bxa2 1/2-1/2

[Event "Bad Woerishofen Seniors op 32nd"]
[Site "Bad Woerishofen"]
[Date "2016.03.04"]
[Round "8"]
[White "Engl, Heinz"]
[Black "Bauder, Herbert"]
[Result "1-0"]
[WhiteElo "2015"]
[BlackElo "1897"]
[PlyCount "59"]
[EventDate "2016.02.26"]
[EventType "swiss"]
[EventRounds "9"]
[EventCountry "GER"]
[SourceTitle "EXT 2019"]
[Source "ChessBase"]
[SourceDate "2018.10.10"]
[SourceVersion "1"]
[SourceVersionDate "2018.10.10"]
[SourceQuality "1"]

1. e4 c5 2. b3 Nc6 3. Bb2 d6 4. Bb5 Bd7 5. f4 a6 6. Bxc6 Bxc6 7. d3 e6 8. Nf3 Nf6 9. Nbd2 Be7 10. 0-0 0-0 11. Qe2 Rc8 12. c4 Ne8 13. Rad1 Qa5 14. Kh1 b5 15. d4 Qc7 16. d5 Bd7 17. e5 exd5 18. cxd5 Bg4 19. h3 Bxf3 20. Rxf3 f6 21. Rg3 Qd8 22. Ne4 Rc7 23. Qh5 fxe5 24. fxe5 Rf4 25. exd6 Bxd6 26. Ng5 g6 27. Nxh7 Rxh7 28. Qxg6+ Ng7 29. Bxg7 Qd7 30. Bf6+ 1-0